Por abajo del agua : sobreexplotación y agotamiento del acuífero de la costa de Hermosillo, 1945-2005 /

Investigación para examinar el papel que ha tenido la explotación del agua en el desarrollo de la región agrícola de la costa de Hermosillo. En la zona la actividad económica más relevante es la agricultura y es la que más requiere de agua para riego. En una región considerada como semidesértica el...

Täydet tiedot

Tallennettuna:
Bibliografiset tiedot
Päätekijä: Moreno Vázquez, José Luis (autor)
Aineistotyyppi: Kirja
Kieli:espanja
Julkaistu: Hermosillo, México : El Colegio de Sonora, 2006, c2006
Aiheet:
Tagit: Lisää tagi
Ei tageja, Lisää ensimmäinen tagi!

MARC

LEADER 00000nam^a2200000^a^4500
001 000303858
005 20250521000000.0
009 20260526135530.356
020 |a 968-6755-55-1 
037 |a Acervo ITESO - Biblioteca 
041 |a ESP 
082 |a 333. 9100972172  |b MOR 
100 |a Moreno Vázquez, José Luis  |e (autor) 
245 1 0 |a Por abajo del agua :  |b sobreexplotación y agotamiento del acuífero de la costa de Hermosillo, 1945-2005 /  |c J.L. Moreno Vázquez. 
264 4 |a Hermosillo, México :  |b El Colegio de Sonora,  |c 2006, c2006 
300 |a 507 p. 
336 |a texto  |b txt  |2 rdacontenido 
337 |a sin mediación  |b n  |2 rdamedio 
338 |a volumen  |b nc  |2 rdasoporte 
520 |a Investigación para examinar el papel que ha tenido la explotación del agua en el desarrollo de la región agrícola de la costa de Hermosillo. En la zona la actividad económica más relevante es la agricultura y es la que más requiere de agua para riego. En una región considerada como semidesértica el abasto se logra bombeándola del subsuelo pero esto ha provocado el agotamiento de los acuíferos y por consiguiente el abandono del campo además del deterioro de suelo por salinización de los mantos. 
649 |a XX 
650 |a Salinidad en el Agua -  |z Hermosillo, Sonora 
650 |a Aguas Subterráneas -  |z Hermosillo, Sonora -  |x Tema Principal 
650 |a Aguas Subterráneas -  |z México 
650 |a Agua de Riego 
650 |a Agua -  |x Abastecimiento 
650 |a Cuencas Hidrográficas -  |z Hermosillo, Sonora 
650 |a Cuencas Hidrográficas -  |z México 
650 |a Recursos Naturales -  |z Hermosillo, Sonora 
650 |a Recursos Naturales -  |z México 
650 |a Contaminación Ambiental 
650 |a Desarrollo Regional -  |z Hermosillo, Sonora -  |x Tema Principal 
650 |a Tenencia de la Tierra 
650 |a Desarrollo Regional -  |z México 
650 |a Agroecología 
650 |a Economía de la Tierra 
910 |a Fondo General 
920 |a Impresos - Libros 
930 |a Colección General 
905 |a 101 
901 |a 0500190193  |b IT1  |c ACC  |i C124411  |u 20250521 
902 |a https://opac.biblio.iteso.mx/vufind/Record/000303858